Statistiken für Disney Schauspieler Quiz

Klicken Sie hier um das Quiz zu spielen!

Allgemein

  • Dieses Quiz wurde 248 mal gespielt
  • Das Durchschnittsergebnis liegt bei 7 aus 15

Antwortstatistiken

HintAntwort% Korrekt
Glenn Close101 Dalmatiner
87%
Zac EfronHigh School Musical
81%
Keira KnightleyFluch der Karibik
73%
Elle FanningMaleficent – Die dunkle Fee
57%
Anne HathawayPlötzlich Prinzessin
56%
Dwayne JohnsonJungle Cruise
50%
Tom HanksSaving Mr. Banks
39%
Robin WilliamsFlubber
34%
Kirk Douglas20.000 Meilen unter dem Meer
33%
Lindsey LohanHerbie: Fully Loaded
28%
Dick Van DykeMary Poppins
28%
Bette MidlerHocus Pocus
26%
Tim CurryMuppets – Die Schatzinsel
23%
Patrick DempseyVerwünscht
22%
Meryl StreepInto the Woods
21%

Verteilung der Resultate

Perzentil nach korrekt beantworteten Fragen

Anzahl Personen mit jedem Resultat

Ihre Resultats-Entwicklung

Sie haben dieses Quiz noch nicht gespielt